| 000 | 00000nam##2200000za#4500 |
| 001 | 9.686299 |
| 003 | CaOODSP |
| 005 | 20210624230455 |
| 007 | cr ||||||||||| |
| 008 | 150407|2002||||xxc|||||o f|0| 0 eng|d |
| 020 | |a0-662-32108-1 |
| 040 | |aCaOODSP|beng |
| 043 | |an-cn--- |
| 086 | 1 |aIu4-5/2002E-PDF |
| 110 | 1 |aCanada. |bIndustry Canada. |
| 245 | 10|aCanada's innovation strategy : |h[electronic resource]|bnew ideas, new opportunities : do it yourself kit |
| 246 | 1 |iVariant title : |aDo it yourself kit - Canada's innovation strategy : new ideas, new opportunities |
| 260 | |aOttawa - Ontario : |bIndustry Canada |c[2002]. |
| 300 | |a18p.|bfigs. |
| 500 | |aThe catalogue number (Iu4-5/2002) and ISBN (0-662-66563-5) for the bilingual print edition have been incorrectly copied in this electronic publication. |
| 590 | |a12-17-Supp|b2012-04-20 |
| 690 | 07|aGovernment policy|2gcpds |
| 690 | 07|aInnovation|2gcpds |
| 690 | 07|aTechnological innovation|2gcpds |
| 775 | 08|tLa stratégie d'innovation du Canada : |w(CaOODSP)9.630775 |
| 776 | 0#|tCanada's innovation strategy |w(CaOODSP)9.663737 |
| 776 | 0#|tLa stratégie d'innovation du Canada |w(CaOODSP)9.663738 |
| 856 | 40|ahttp://publications.gc.ca|qPDF|s174 KB|uhttps://publications.gc.ca/collections/Collection/Iu4-5-2002E.pdf |
| 986 | |a53702B |